Access and the changing trends in libraries (Record no. 155247)

MARC details
000 -LEADER
fixed length control field 00384nam a22001337a 4500
020 ## - INTERNATIONAL STANDARD BOOK NUMBER
ISBN 8184350325
082 ## - DEWEY DECIMAL CLASSIFICATION NUMBER
Edition number 23rd.ed.
Classification number 025.042 GOD
100 ## - MAIN ENTRY--AUTHOR NAME
Personal name Godia, Kundan
245 ## - TITLE STATEMENT
Title Access and the changing trends in libraries
Statement of responsibility, etc Kundan Godia
260 ## - PUBLICATION, DISTRIBUTION, ETC. (IMPRINT)
Place of publication New Delhi
Name of publisher Adhyayan Publishers & Distributors
Year of publication 2007
300 ## - PHYSICAL DESCRIPTION
Number of Pages ix, 245p.
Dimensions 22cm.
650 ## - SUBJECT ADDED ENTRY--TOPICAL TERM
Topical Term Libraries
650 ## - SUBJECT ADDED ENTRY--TOPICAL TERM
Topical Term Library trends
Holdings
Withdrawn status Lost status Damaged status Collection code Home library Current library Shelving location Date acquired Full call number Accession Number Koha item type
      LIBRARY & INFORMATION SCIENCE North Eastern Hill University North Eastern Hill University Library & Information Science 21/05/2013 025.042 GOD 158862 Books